| 000 | 00730nam a2200241 i 4500 | ||
|---|---|---|---|
| 001 | 67651 | ||
| 003 | ES-MaACL | ||
| 005 | 20230906170125.0 | ||
| 007 | t| | ||
| 008 | 040609s2003 sp ||||0| spa d | ||
| 020 | _a84-87857-30-2 | ||
| 080 | _a821.134.2(899)-14"19" | ||
| 100 | 1 |
_aCourtoisie, Rafael. _941299 |
|
| 245 | 1 | 0 |
_aCasa de cosas / _cRafael Courtoisie. |
| 250 | _a1ª ed. | ||
| 260 |
_aMadrid : _bAsociación de Escritores y Artistas Españoles, _c2003. |
||
| 300 |
_a59 p ; _c21 cm. |
||
| 490 | 1 |
_aColección Julio Nombela ; _v36 |
|
| 710 | 2 |
_aAsociación de Escritores y Artistas Españoles. _91585 |
|
| 830 | 1 |
_aColección Julio Nombela ; _v36 _9181230 |
|
| 852 |
_aES-MaACL _jL-27898 |
||
| 999 |
_c67651 _d67651 |
||